Vista normal
Vista MARC
Entrada Topical Term
Número de registros utilizados en: 1
001 - CONTROL NUMBER
- control field: 60845
003 - CONTROL NUMBER IDENTIFIER
- control field: OSt
005 - DATE AND TIME OF LATEST TRANSACTION
- control field: 20250704132423.0
008 - FIXED-LENGTH DATA ELEMENTS
- fixed length control field: 250704|| aca||aabn | a|a d
040 ## - CATALOGING SOURCE
- Original cataloging agency: OSt
- Transcribing agency: OSt
150 ## - HEADING--TOPICAL TERM
- Topical term or geographic name entry element: Policía
- Geographic subdivision: Colombia
- General subdivision: Historia
- Chronological subdivision: 1791-1891
670 ## - SOURCE DATA FOUND
- Source citation: Work cat.: (OSt)57499: Gilibert Vargas, Luis Ernesto, 1943- 60844, Historias desconocidas de la policía :